=LDR 00000nam 2200000 4500 =001 INLIS000000000045016 =005 20141210085700.0 =006 =007 =008 =020 ##$$a 979-498-100-1 =035 ##$$0010-121400000000166 =040 ##$$a Ind =082 ##$$a 959.8 =090 ##$$a 959.8$bKah r =100 ##$$a Kahin, George McTurnan =245 ##$$a Refleksi pergumulan lahirnya republik : Nasionalisme dan revolusi di indonesia$cGeorge mcturnan kahin =250 ##$$a Cet.2 =260 ##$$a [Sl]$bCornell university press$c1995 =300 ##$$aXxvii,608 Hlm$c23 cm. =850 ##$$a NBPNMAT =990 ##$$a 0001/BPAP-NTB/20142014